[Event "Junior Online 4NCL Division 5"]
[Site "online"]
[Date "2021.04.01"]
[EventDate "2021.04.01"]
[Round "6.57"]
[White "Lynn, Angelo"]
[WhiteElo "900"]
[WhiteTeam "Lenzie Dementors"]
[Black "Sethi, Siddharth"]
[BlackElo "1416"]
[BlackTeam "Chess Challengers C"]
[Result "1-0"]
[PlyCount "37"]

1. e4 e5 2. Nf3 Nf6 3. Nxe5 Nc6 4. Nxc6 dxc6 5. d3 Bc5 6. Be2 O-O 7. Bg5 Qd4 8. O-O Qxb2 9. Nd2 Qe5 10. Nf3 Qd6 11. e5 Qe6 12. exf6 gxf6 13. Bh6 Rd8 14. Qd2 Re8 15. Rfe1 Qd5 16. Bf1 Rxe1 17. Rxe1 Be6 18. Qf4 f5 19. Qg5+ 1-0

[Event "Junior Online 4NCL Division 5"]
[Site "online"]
[Date "2021.04.01"]
[EventDate "2021.04.01"]
[Round "6.58"]
[White "Zabotka, Motiejus"]
[WhiteElo "1488"]
[WhiteTeam "Chess Challengers C"]
[Black "Banerjee, Supratit"]
[BlackElo "623"]
[BlackTeam "Lenzie Dementors"]
[Result "0-1"]
[PlyCount "38"]

1. e4 e5 2. Nf3 Nc6 3. Nc3 d6 4. h3 h6 5. Bc4 Nf6 6. d3 Be7 7. Be3 Be6 8. Nd5 O-O 9. Nxe7+ Qxe7 10. b3 d5 11. exd5 Nxd5 12. Bb5 Nc3 13. Qd2 Nxb5 14. O-O Rad8 15. c4 Nbd4 16. Nxd4 Nxd4 17. Rad1 Qf6 18. Qa5 Qg6 19. Qxe5 Nf3+ 0-1

[Event "Junior Online 4NCL Division 5"]
[Site "online"]
[Date "2021.04.01"]
[EventDate "2021.04.01"]
[Round "6.61"]
[White "Song, Ruien"]
[WhiteElo "827"]
[WhiteTeam "London Dragons Queens"]
[Black "Kota, Ashwath Kumar"]
[BlackElo "973"]
[BlackTeam "Maidenhead Juniors 5"]
[Result "0-1"]
[PlyCount "34"]

1. c4 e5 2. Nc3 Nf6 3. d3 Bc5 4. Nf3 Nc6 5. g3 d6 6. Bg2 O-O 7. O-O Bg4 8. Nd2 Qd7 9. Qc2 Bh3 10. Bxh3 Qxh3 11. e3 Ng4 12. Nf3 f5 13. e4 fxe4 14. dxe4 Rxf3 15. Rd1 Qxh2+ 16. Kf1 Rxf2+ 17. Qxf2 Qxf2# 0-1

[Event "Junior Online 4NCL Division 5"]
[Site "online"]
[Date "2021.04.01"]
[EventDate "2021.04.01"]
[Round "6.62"]
[White "Anchan, Arjun"]
[WhiteElo "940"]
[WhiteTeam "Maidenhead Juniors 5"]
[Black "Liu, Zhengzheng"]
[BlackElo "780"]
[BlackTeam "London Dragons Queens"]
[Result "1-0"]
[PlyCount "175"]

1. e4 c5 2. Nc3 Nc6 3. Nf3 g6 4. Bc4 Bg7 5. Ng5 e6 6. d3 h6 7. Nf3 d6 8. a3 a6 9. Ba2 b5 10. O-O Nf6 11. Qd2 O-O 12. h3 Kh7 13. Ne2 e5 14. Nh4 Ne7 15. Ng3 Nfg8 16. c3 Bf6 17. Nf3 Nc6 18. b4 cxb4 19. axb4 Bg7 20. Bd5 Bb7 21. Ba2 a5 22. bxa5 Rxa5 23. Bb2 Qb6 24. Bd5 Nd8 25. Rxa5 Qxa5 26. Bxb7 Nxb7 27. Ra1 Qb6 28. Nf1 Rb8 29. Qe3 Qxe3 30. Nxe3 Nc5 31. Rd1 b4 32. cxb4 Rxb4 33. Ba3 Rb5 34. Bxc5 Rxc5 35. Nc4 d5 36. exd5 Rxd5 37. Ne3 Rd6 38. Nc4 Rd5 39. Nb6 Rd8 40. Nc4 e4 41. Ne1 Bc3 42. f3 Bxe1 43. Rxe1 exd3 44. Rd1 Rc8 45. Ne5 d2 46. Rxd2 Rc1+ 47. Kh2 Rc7 48. h4 f6 49. Nd3 Rd7 50. Kg3 Ne7 51. Kf2 Nc6 52. Ke1 Re7+ 53. Kd1 Rd7 54. Nc5 Rxd2+ 55. Kxd2 Kg7 56. Ke3 Kf7 57. f4 f5 58. g3 Ke7 59. Nb3 Kd6 60. Nd4 Nb4 61. Nb5+ Kc5 62. Nc7 Nd5+ 63. Nxd5 Kxd5 64. Kd3 h5 65. Ke3 Kc4 66. Kd2 Kd4 67. Ke2 Ke4 68. Kf2 Kd3 69. Kf3 Kd2 70. Kf2 Kd3 71. Kg2 Ke3 72. Kh2 Kf2 73. Kh3 Kf3 74. Kh2 Kg4 75. Kg2 g5 76. hxg5 h4 77. gxh4 Kh5 78. Kg3 Kg6 79. Kf3 Kh5 80. Ke3 Kg6 81. Kd4 Kf7 82. Ke5 Kg6 83. h5+ Kxh5 84. Kxf5 Kh4 85. g6 Kh5 86. g7 Kh6 87. g8=Q Kh5 88. Qg5# 1-0

[Event "Junior Online 4NCL Division 5"]
[Site "online"]
[Date "2021.04.01"]
[EventDate "2021.04.01"]
[Round "6.65"]
[White "Kota, Ashwath Kumar"]
[WhiteElo "973"]
[WhiteTeam "Maidenhead Juniors 5"]
[Black "Song, Ruien"]
[BlackElo "827"]
[BlackTeam "London Dragons Queens"]
[Result "1-0"]
[PlyCount "61"]

1. e4 c5 2. Nf3 e6 3. Bc4 d5 4. exd5 exd5 5. Bb3 Bd6 6. Bxd5 Nf6 7. Bb3 O-O 8. O-O Bd7 9. Re1 Bc6 10. Nc3 b5 11. d3 Nbd7 12. Bg5 h6 13. Bh4 a5 14. Ne4 Be7 15. a3 a4 16. Ba2 Nb6 17. Bxf6 Bxf6 18. Nxc5 Bxb2 19. Rb1 Bxa3 20. Ne4 Nd5 21. Ne5 Bb4 22. Nxc6 Qd7 23. Nxb4 Nxb4 24. Rxb4 a3 25. Qb1 Rab8 26. Nc5 Qc6 27. Na4 Rfe8 28. c4 Rxe1+ 29. Qxe1 Qd6 30. Rxb5 Rf8 31. h3 1-0

[Event "Junior Online 4NCL Division 5"]
[Site "online"]
[Date "2021.04.01"]
[EventDate "2021.04.01"]
[Round "6.66"]
[White "Liu, Zhengzheng"]
[WhiteElo "780"]
[WhiteTeam "London Dragons Queens"]
[Black "Anchan, Arjun"]
[BlackElo "940"]
[BlackTeam "Maidenhead Juniors 5"]
[Result "0-1"]
[PlyCount "184"]

1. d4 b6 2. e4 Bb7 3. Nc3 e6 4. Bc4 Bb4 5. a3 Bxc3+ 6. bxc3 Bxe4 7. Qg4 Bg6 8. Bd3 Nf6 9. Bxg6 Nxg4 10. Be4 Qf6 11. f3 Nh6 12. Bxa8 Nc6 13. Bxc6 dxc6 14. Bxh6 Qxh6 15. Ne2 Qe3 16. Rd1 O-O 17. Rd3 Qh6 18. O-O Qf6 19. Ng3 Qe7 20. c4 c5 21. d5 exd5 22. Rxd5 c6 23. Nf5 Qe6 24. Nxg7 Kxg7 25. Rg5+ Kh8 26. Rg4 Qe3+ 27. Kh1 Re8 28. h3 Qxa3 29. Re4 Rxe4 30. fxe4 Qc3 31. Rxf7 Qxc4 32. Rxa7 Qxe4 33. Ra8+ Kg7 34. Ra7+ Kf6 35. Ra2 Qb4 36. Ra1 Qb2 37. Rf1+ Ke7 38. Re1+ Kd7 39. Re2 Qd4 40. Re1 Qf2 41. Rc1 Qe3 42. Rd1+ Kc7 43. Rd3 Qf4 44. Rf3 Qc1+ 45. Kh2 Qxc2 46. Rf7+ Kd6 47. Rb7 Qb2 48. Rxh7 Qe5+ 49. Kg1 Qd4+ 50. Kh2 Qf4+ 51. Kg1 Qf5 52. Rh6+ Kd5 53. g4 Qc2 54. Rh5+ Kc4 55. Rf5 Qb1+ 56. Rf1 Qd3 57. Rc1+ Kb5 58. Re1 Qg3+ 59. Kf1 Qxh3+ 60. Kf2 Qh4+ 61. Ke2 Qxg4+ 62. Kd2 Qb4+ 63. Ke2 Kc4 64. Rc1+ Kd5 65. Rd1+ Ke4 66. Rd3 Qb2+ 67. Rd2 Qb5+ 68. Kd1 Qf1+ 69. Kc2 Ke3 70. Rd1 Qe2+ 71. Kc1 b5 72. Rg1 Kf2 73. Rd1 Qe3+ 74. Rd2+ Kg3 75. Kc2 Kf4 76. Rd3 Qe2+ 77. Rd2 Qc4+ 78. Kb2 Ke3 79. Rc2 Qb4+ 80. Kc1 Kd3 81. Rb2 Qc3+ 82. Kb1 Qe1+ 83. Ka2 c4 84. Rb1 Qa5+ 85. Kb2 c3+ 86. Kc1 Qa3+ 87. Kd1 c2+ 88. Ke1 cxb1=Q+ 89. Kf2 Kc4 90. Kg2 Qbb2+ 91. Kf1 Qf3+ 92. Ke1 Qfe2# 0-1

[Event "Junior Online 4NCL Division 5"]
[Site "online"]
[Date "2021.04.01"]
[EventDate "2021.04.01"]
[Round "6.71"]
[White "Reeves, Hollyann"]
[WhiteElo "1581"]
[WhiteTeam "Wolfpack Juniors"]
[Black "Jakhria, Kushal"]
[BlackElo "1723"]
[BlackTeam "Charlton Juniors"]
[Result "0-1"]
[PlyCount "56"]

1. e4 c5 2. Nc3 Nc6 3. Bc4 e6 4. Nf3 a6 5. e5 b5 6. Be2 Qc7 7. O-O Nxe5 8. Nxe5 Qxe5 9. Re1 Qc7 10. Bf3 Bb7 11. Bxb7 Qxb7 12. d4 c4 13. b3 cxb3 14. axb3 d5 15. f4 Bb4 16. Bd2 Rc8 17. Na2 Bxd2 18. Qxd2 Ne7 19. Nb4 Ra8 20. Ra2 a5 21. Nd3 Nc6 22. f5 O-O 23. fxe6 fxe6 24. Rxe6 Nxd4 25. Rxa5 Nxe6 26. Rxa8 Qxa8 27. Ne5 Qa1+ 28. Qe1 Qxe1# 0-1

[Event "Junior Online 4NCL Division 5"]
[Site "online"]
[Date "2021.04.01"]
[EventDate "2021.04.01"]
[Round "6.72"]
[White "Verbytski, Oleg"]
[WhiteElo "1336"]
[WhiteTeam "Charlton Juniors"]
[Black "Jayaprakash, Arnav"]
[BlackElo "1487"]
[BlackTeam "Wolfpack Juniors"]
[Result "1-0"]
[PlyCount "77"]

1. e4 e6 2. d4 d5 3. Nc3 Nc6 4. exd5 exd5 5. Nf3 Nf6 6. Bd3 Be7 7. O-O O-O 8. Re1 Bg4 9. h3 Bh5 10. Be2 Re8 11. Bf4 a6 12. Qd2 Bb4 13. a3 Ba5 14. b4 Bb6 15. g4 Bg6 16. Na4 Ne4 17. Qd1 Ba7 18. c3 b5 19. Nb2 Nxc3 20. Qd2 Nxe2+ 21. Rxe2 Rxe2 22. Qxe2 Nxd4 23. Nxd4 Bxd4 24. Rc1 Qf6 25. Re1 h6 26. Bc1 Be4 27. Rd1 Bf3 28. Qd2 Bxd1 29. Nxd1 Bb6 30. Bb2 Qd6 31. Ne3 Rd8 32. Nf5 Qe6 33. Bxg7 d4 34. Bxh6 Kh7 35. Qg5 Rg8 36. Qh5 Qg6 37. Qh4 Qxf5 38. Bg5+ Kg6 39. Qh6# 1-0

[Event "Junior Online 4NCL Division 5"]
[Site "online"]
[Date "2021.04.01"]
[EventDate "2021.04.01"]
[Round "6.73"]
[White "Marsden, Rupert"]
[WhiteElo "1465"]
[WhiteTeam "Wolfpack Juniors"]
[Black "Thompson, Isaac"]
[BlackElo "1000"]
[BlackTeam "Charlton Juniors"]
[Result "1-0"]
[PlyCount "97"]

1. d4 d5 2. c4 dxc4 3. Nc3 Nf6 4. Bf4 g6 5. e4 Bg7 6. e5 Nd5 7. Bg3 Nxc3 8. bxc3 O-O 9. Bxc4 Bf5 10. Nf3 Nc6 11. O-O a6 12. Ng5 e6 13. Bh4 h6 14. Nf3 g5 15. Bg3 h5 16. h3 h4 17. Bh2 b5 18. Bd3 Qe7 19. Bxf5 exf5 20. Qd2 g4 21. Ng5 g3 22. fxg3 hxg3 23. Bxg3 Rfd8 24. Rxf5 Bh6 25. Rf6 Bg7 26. Rxc6 Qd7 27. d5 Qxd5 28. Qxd5 Rxd5 29. Rxc7 Bxe5 30. Bxe5 Rxe5 31. Rf1 Rf8 32. Nxf7 Rxf7 33. Rfxf7 Re8 34. Rg7+ Kh8 35. Rce7 Rxe7 36. Rxe7 Kg8 37. Ra7 a5 38. Rxa5 b4 39. cxb4 Kg7 40. Rc5 Kf6 41. b5 Ke6 42. b6 Kd7 43. Rc1 Kd6 44. b7 Kd7 45. b8=Q Ke6 46. Qd8 Kf5 47. Re1 Kf4 48. Qf6+ Kg3 49. Qg5# 1-0

[Event "Junior Online 4NCL Division 5"]
[Site "online"]
[Date "2021.04.01"]
[EventDate "2021.04.01"]
[Round "6.74"]
[White "Williams, Alex"]
[WhiteElo "1000"]
[WhiteTeam "Charlton Juniors"]
[Black "Harris, Callum"]
[BlackElo "1383"]
[BlackTeam "Wolfpack Juniors"]
[Result "1-0"]
[PlyCount "77"]

1. d4 Nf6 2. Bf4 e6 3. Nf3 d5 4. e3 c5 5. c3 Nc6 6. Bb5 cxd4 7. cxd4 Bb4+ 8. Nc3 Bxc3+ 9. bxc3 Qa5 10. Bxc6+ bxc6 11. Qc2 Ba6 12. Ne5 Bb7 13. O-O O-O 14. Rfb1 Qa6 15. c4 dxc4 16. Qxc4 Qxc4 17. Nxc4 Ba6 18. Ne5 Rfc8 19. Rc1 Bb5 20. a4 Ba6 21. Nxc6 Kf8 22. Ne5 Rd8 23. Nc6 Re8 24. Bd6+ Kg8 25. Bc5 Nd5 26. Nxa7 e5 27. Nb5 exd4 28. Bxd4 Rad8 29. g3 Bxb5 30. axb5 Rb8 31. Rab1 f5 32. Rc5 Rbd8 33. b6 Rd6 34. b7 Rdd8 35. Rxd5 Rxd5 36. b8=Q Rxb8 37. Rxb8+ Kf7 38. Rb7+ Ke6 39. Rxg7 1-0

[Event "Junior Online 4NCL Division 5"]
[Site "online"]
[Date "2021.04.01"]
[EventDate "2021.04.01"]
[Round "6.75"]
[White "Jakhria, Kushal"]
[WhiteElo "1723"]
[WhiteTeam "Charlton Juniors"]
[Black "Reeves, Hollyann"]
[BlackElo "1581"]
[BlackTeam "Wolfpack Juniors"]
[Result "1-0"]
[PlyCount "49"]

1. d4 d5 2. c4 dxc4 3. e3 Be6 4. Nc3 Nf6 5. e4 c5 6. d5 Bc8 7. Bxc4 e6 8. Bg5 h6 9. Bh4 g5 10. Bg3 h5 11. Be5 Bd6 12. Bxd6 Qxd6 13. dxe6 Qxd1+ 14. Rxd1 Bxe6 15. Bxe6 fxe6 16. Nb5 Nxe4 17. Nc7+ Ke7 18. Nxa8 Na6 19. f3 Nd6 20. Nh3 g4 21. fxg4 hxg4 22. Nf4 Rxa8 23. O-O Nc4 24. Ng6+ Ke8 25. Rf8# 1-0

[Event "Junior Online 4NCL Division 5"]
[Site "online"]
[Date "2021.04.01"]
[EventDate "2021.04.01"]
[Round "6.76"]
[White "Jayaprakash, Arnav"]
[WhiteElo "1487"]
[WhiteTeam "Wolfpack Juniors"]
[Black "Verbytski, Oleg"]
[BlackElo "1336"]
[BlackTeam "Charlton Juniors"]
[Result "0-1"]
[PlyCount "68"]

1. e4 c5 2. c3 Nf6 3. d3 d6 4. Nf3 e6 5. Bg5 Be7 6. Nbd2 Nc6 7. Be2 a6 8. O-O O-O 9. d4 cxd4 10. cxd4 b5 11. Nb3 Bb7 12. e5 dxe5 13. dxe5 Nd7 14. Bf4 Rc8 15. Qd2 Qc7 16. Rac1 Rfd8 17. Qc2 Qb6 18. Be3 Qc7 19. Bd3 h6 20. Nbd4 Ndxe5 21. Nxe5 Qxe5 22. Nxc6 Rxc6 23. Qe2 Rxc1 24. Rxc1 Qd5 25. Qg4 Qxd3 26. Bxh6 Qg6 27. Qxg6 fxg6 28. Be3 Bf6 29. b3 Rc8 30. Rd1 Rd8 31. Rc1 Rc8 32. Rd1 Rc2 33. Rd7 Rxa2 34. h3 Bd5 0-1

[Event "Junior Online 4NCL Division 5"]
[Site "online"]
[Date "2021.04.01"]
[EventDate "2021.04.01"]
[Round "6.77"]
[White "Thompson, Isaac"]
[WhiteElo "1000"]
[WhiteTeam "Charlton Juniors"]
[Black "Marsden, Rupert"]
[BlackElo "1465"]
[BlackTeam "Wolfpack Juniors"]
[Result "0-1"]
[PlyCount "82"]

1. d4 Nf6 2. c4 g6 3. Nc3 Bg7 4. Nf3 d6 5. Bg5 O-O 6. e3 Bg4 7. h3 Bxf3 8. Qxf3 h6 9. Bxf6 exf6 10. c5 dxc5 11. Rd1 Nc6 12. dxc5 Qe7 13. Bc4 Ne5 14. Qe2 Qxc5 15. b3 Qb4 16. Rc1 Rad8 17. O-O f5 18. Bb5 c6 19. Bc4 Nxc4 20. bxc4 Bxc3 21. Rfd1 Qb2 22. Qxb2 Bxb2 23. Rb1 Bg7 24. Rxd8 Rxd8 25. g4 fxg4 26. hxg4 b6 27. f4 Rd3 28. e4 Rg3+ 29. Kf2 Rxg4 30. f5 gxf5 31. exf5 Rf4+ 32. Ke3 Rxf5 33. Rd1 Re5+ 34. Kf4 Re7 35. Rd8+ Kh7 36. Kf5 Re5+ 37. Kf4 h5 38. Kg3 Re3+ 39. Kh4 Kh6 40. Rg8 Bf6+ 41. Rg5 Bxg5# 0-1

[Event "Junior Online 4NCL Division 5"]
[Site "online"]
[Date "2021.04.01"]
[EventDate "2021.04.01"]
[Round "6.78"]
[White "Harris, Callum"]
[WhiteElo "1383"]
[WhiteTeam "Wolfpack Juniors"]
[Black "Williams, Alex"]
[BlackElo "1000"]
[BlackTeam "Charlton Juniors"]
[Result "1-0"]
[PlyCount "65"]

1. e4 e5 2. Nf3 Nc6 3. Bc4 Bc5 4. c3 d6 5. d4 exd4 6. cxd4 Bb4+ 7. Nc3 Nge7 8. Qb3 Bxc3+ 9. Qxc3 O-O 10. b3 Bg4 11. Bb2 d5 12. exd5 Nxd5 13. Bxd5 Qxd5 14. O-O-O Bxf3 15. Qxf3 Qg5+ 16. Kb1 Qg6+ 17. Ka1 Rad8 18. h4 h5 19. Rh3 Rfe8 20. Rg3 Qd6 21. d5 f6 22. Bxf6 Rd7 23. Rc1 Rf8 24. dxc6 bxc6 25. Rxc6 Rxf6 26. Rxd6 Rxf3 27. Rxd7 Rxg3 28. fxg3 Kh7 29. Rxc7 Kh6 30. Rxa7 g6 31. b4 g5 32. Ra6+ Kg7 33. hxg5 1-0

[Event "Junior Online 4NCL Division 5"]
[Site "online"]
[Date "2021.04.01"]
[EventDate "2021.04.01"]
[Round "6.81"]
[White "Burland, Joshua"]
[WhiteElo "1300"]
[WhiteTeam "Hull & York Knights"]
[Black "Sookphanich, Golf"]
[BlackElo "1751"]
[BlackTeam "Golden Falcons 1"]
[Result "0-1"]
[PlyCount "44"]

1. e4 c5 2. Nf3 Nc6 3. d4 cxd4 4. Nxd4 Nf6 5. Bd3 Nxd4 6. Be3 Nc6 7. O-O g6 8. c4 Bg7 9. Nc3 O-O 10. a3 d6 11. Be2 Be6 12. f4 Na5 13. c5 Nb3 14. Rb1 Nxc5 15. e5 Nfe4 16. Nxe4 Nxe4 17. Bf3 d5 18. Qd4 b6 19. Rbc1 Nc5 20. Bd2 Nb3 21. Qc3 Nxc1 22. Rxc1 Rc8 0-1

[Event "Junior Online 4NCL Division 5"]
[Site "online"]
[Date "2021.04.01"]
[EventDate "2021.04.01"]
[Round "6.82"]
[White "Hany Kamal, Mohamed"]
[WhiteElo "1540"]
[WhiteTeam "Golden Falcons 1"]
[Black "Cashdan, Japhet"]
[BlackElo "1062"]
[BlackTeam "Hull & York Knights"]
[Result "1-0"]
[PlyCount "87"]

1. d4 d5 2. c4 Nf6 3. cxd5 Nxd5 4. e4 Nb4 5. Qa4+ N4c6 6. d5 b5 7. Bxb5 a6 8. Bxc6+ Nxc6 9. Qxc6+ Bd7 10. Qc2 Bb5 11. a4 Bd7 12. Bf4 c6 13. dxc6 Bg4 14. Nc3 Qd4 15. f3 Bd7 16. cxd7+ Qxd7 17. Rd1 Qb7 18. Nd5 Rc8 19. Nc7+ Rxc7 20. Qxc7 Qxc7 21. Bxc7 e6 22. Bd6 Bxd6 23. Rxd6 O-O 24. Rxa6 h6 25. b4 Kh7 26. b5 g6 27. b6 e5 28. Ne2 h5 29. a5 Kh6 30. b7 Rb8 31. Ra7 Rd8 32. Ra8 Rxa8 33. bxa8=Q Kg5 34. Qd5 Kh6 35. Qxe5 Kh7 36. Qf6 Kh6 37. h4 Kh7 38. Qxf7+ Kh6 39. Qf4+ Kg7 40. a6 Kh7 41. a7 Kh8 42. a8=Q+ Kh7 43. Qf7+ Kh6 44. Qh8# 1-0

[Event "Junior Online 4NCL Division 5"]
[Site "online"]
[Date "2021.04.01"]
[EventDate "2021.04.01"]
[Round "6.83"]
[White "Alwis, Benji"]
[WhiteElo "1090"]
[WhiteTeam "Hull & York Knights"]
[Black "Boikovs, Alexander"]
[BlackElo "1500"]
[BlackTeam "Golden Falcons 1"]
[Result "1-0"]
[PlyCount "59"]

1. e4 c5 2. Nf3 e6 3. Nc3 Nc6 4. Bc4 g6 5. d4 cxd4 6. Nxd4 Bg7 7. Be3 Nge7 8. O-O O-O 9. Qd3 Nxd4 10. Bxd4 e5 11. Be3 d6 12. Nd5 Nxd5 13. Bxd5 Kh8 14. c4 Qc7 15. Rac1 Bd7 16. c5 Rab8 17. cxd6 Qxd6 18. Rfd1 f5 19. Bxa7 Rbc8 20. Rxc8 Bxc8 21. f3 Rd8 22. a3 fxe4 23. fxe4 Be6 24. b4 Bxd5 25. Bc5 Bxe4 26. Qxd6 Rxd6 27. Rxd6 Kg8 28. Rd8+ Kf7 29. Rd7+ Ke6 30. Rxg7 1-0

[Event "Junior Online 4NCL Division 5"]
[Site "online"]
[Date "2021.04.01"]
[EventDate "2021.04.01"]
[Round "6.85"]
[White "Sookphanich, Golf"]
[WhiteElo "1751"]
[WhiteTeam "Golden Falcons 1"]
[Black "Burland, Joshua"]
[BlackElo "1300"]
[BlackTeam "Hull & York Knights"]
[Result "1-0"]
[PlyCount "69"]

1. e4 e5 2. Nf3 Nc6 3. Bc4 h6 4. O-O Nf6 5. Re1 d5 6. exd5 Nxd5 7. Nxe5 Be7 8. Nxf7 Kxf7 9. Qh5+ g6 10. Bxd5+ Kg7 11. Qf3 Rf8 12. Qe4 Bf5 13. Qc4 Qd6 14. Bxc6 bxc6 15. d3 Qc5 16. Qxc5 Bxc5 17. Be3 Bb6 18. Nc3 Bxe3 19. Rxe3 Rae8 20. Rae1 Kf7 21. Rxe8 Rxe8 22. Rxe8 Kxe8 23. f3 Be6 24. Kf2 Bxa2 25. Nxa2 Ke7 26. Ke3 Ke6 27. Kd4 Kd6 28. b4 g5 29. Nc3 c5+ 30. bxc5+ Kd7 31. Ke5 Kc6 32. d4 a5 33. Ke6 h5 34. h4 gxh4 35. f4 1-0

[Event "Junior Online 4NCL Division 5"]
[Site "online"]
[Date "2021.04.01"]
[EventDate "2021.04.01"]
[Round "6.86"]
[White "Cashdan, Japhet"]
[WhiteElo "1062"]
[WhiteTeam "Hull & York Knights"]
[Black "Hany Kamal, Mohamed"]
[BlackElo "1540"]
[BlackTeam "Golden Falcons 1"]
[Result "0-1"]
[PlyCount "104"]

1. e4 c5 2. Nf3 d6 3. Bc4 e6 4. d3 Nf6 5. Bg5 Be7 6. Bb5+ Nbd7 7. O-O a6 8. Bxd7+ Bxd7 9. Nc3 h6 10. Bxf6 Bxf6 11. Re1 O-O 12. e5 dxe5 13. Nxe5 Qc7 14. Qh5 Bc6 15. Ng4 Bxc3 16. bxc3 Qf4 17. h3 Rac8 18. Re3 Be8 19. Rf3 Qg5 20. Nf6+ Kh8 21. Qxg5 hxg5 22. Nxe8 Rcxe8 23. Re1 f6 24. Re4 Kg8 25. h4 gxh4 26. Rxh4 Kf7 27. d4 Rc8 28. Rg3 cxd4 29. Rxd4 Rfd8 30. Rgd3 Rxd4 31. Rxd4 Ke7 32. Rd3 g5 33. f3 e5 34. Kf2 Ke6 35. Ke3 b5 36. g4 Rc4 37. a3 Ra4 38. c4 Rxc4 39. Rc3 Rxc3+ 40. Kd2 Rxf3 41. Ke2 Rxa3 42. Kd2 e4 43. Ke2 a5 44. Kd2 a4 45. Ke2 Ra1 46. Kd2 a3 47. Kc3 Rb1 48. Kd2 a2 49. Kc3 a1=Q+ 50. Kd2 Rd1+ 51. Ke3 Qd4+ 52. Ke2 Qd2# 0-1

[Event "Junior Online 4NCL Division 5"]
[Site "online"]
[Date "2021.04.01"]
[EventDate "2021.04.01"]
[Round "6.87"]
[White "Boikovs, Alexander"]
[WhiteElo "1500"]
[WhiteTeam "Golden Falcons 1"]
[Black "Alwis, Benji"]
[BlackElo "1090"]
[BlackTeam "Hull & York Knights"]
[Result "1-0"]
[PlyCount "81"]

1. c4 e5 2. e3 Nf6 3. Nc3 Nc6 4. g3 Bb4 5. Bg2 a6 6. a3 Be7 7. Nge2 e4 8. Nxe4 Nxe4 9. Bxe4 Ne5 10. d3 c6 11. O-O d5 12. cxd5 cxd5 13. Bg2 O-O 14. d4 Ng4 15. Nf4 Bh4 16. gxh4 Qxh4 17. Nh3 g5 18. Qf3 f5 19. Qxd5+ Kg7 20. e4 h6 21. exf5 Rxf5 22. Qe4 Bd7 23. f3 Re8 24. Qxb7 Rf7 25. Qxa6 Re1 26. Rxe1 Qxe1+ 27. Qf1 Qe6 28. Bxg5 Ne3 29. Bxe3 Qxe3+ 30. Qf2 Qe7 31. Qg3+ Kf8 32. Re1 Qd8 33. Qd6+ Kg8 34. Nf4 Rg7 35. Qd5+ Kh7 36. Kh1 Qh4 37. Qe4+ Kh8 38. Ng6+ Rxg6 39. Qxh4 Bf5 40. Re8+ Kg7 41. Qe7# 1-0

[Event "Junior Online 4NCL Division 5"]
[Site "online"]
[Date "2021.04.01"]
[EventDate "2021.04.01"]
[Round "6.88"]
[White "Luckhurst, Isaac"]
[WhiteElo "1005"]
[WhiteTeam "Hull & York Knights"]
[Black "Jakovlev, Mark"]
[BlackElo "1451"]
[BlackTeam "Golden Falcons 1"]
[Result "0-1"]
[PlyCount "86"]

1. Nc3 Nc6 2. Nf3 Nf6 3. d4 d5 4. g3 g6 5. Bg2 Bg7 6. O-O O-O 7. e4 dxe4 8. Ng5 Nxd4 9. Re1 Bg4 10. f3 exf3 11. h3 fxg2 12. hxg4 h5 13. Kxg2 hxg4 14. Rh1 c5 15. Kf1 Ne4 16. Ngxe4 f5 17. Qd2 fxe4+ 18. Ke1 Nf3+ 19. Kf1 Nxd2+ 20. Ke1 Nf3+ 21. Kf2 Ne5+ 22. Bf4 Nc6 23. Rh2 Bd4+ 24. Kg2 Kf7 25. Rh7+ Kf6 26. Nxe4+ Kf5 27. Rf1 Kxe4 28. Re1+ Kd5 29. c4+ Kxc4 30. Rc1+ Kb4 31. Rhh1 Bxb2 32. Rb1 Kc3 33. Rbe1 Qd5+ 34. Kf1 Qxh1+ 35. Kf2 Qh2+ 36. Kf1 Qd2 37. Kg1 Qd4+ 38. Re3+ Kd2 39. Kf2 Qh8 40. Re2+ Kd3 41. Rxb2 Qh2+ 42. Ke1 Qxb2 43. Bd2 Qxd2# 0-1

[Event "Junior Online 4NCL Division 5"]
[Site "online"]
[Date "2021.04.01"]
[EventDate "2021.04.01"]
[Round "6.91"]
[White "Tengayev, Arman"]
[WhiteElo "1405"]
[WhiteTeam "Desert Penguins Jupiter"]
[Black "Shah, Rohan"]
[BlackElo "1437"]
[BlackTeam "Edgware Gambits Forks"]
[Result "1/2-1/2"]
[PlyCount "39"]

1. d4 d5 2. c4 e6 3. Nc3 Nf6 4. Bf4 Nbd7 5. Nf3 c6 6. e3 Be7 7. cxd5 exd5 8. Bd3 O-O 9. O-O Re8 10. Qc2 Nf8 11. a3 Ng6 12. Bg3 Bg4 13. Be2 Qd7 14. b4 a6 15. Rfb1 Rad8 16. a4 Bf5 17. Bd3 Bg4 18. Be2 Bf5 19. Bd3 Bg4 20. Be2 1/2-1/2

[Event "Junior Online 4NCL Division 5"]
[Site "online"]
[Date "2021.04.01"]
[EventDate "2021.04.01"]
[Round "6.92"]
[White "Wilkinson, James"]
[WhiteElo "1100"]
[WhiteTeam "Edgware Gambits Forks"]
[Black "Quillaud, Maxime"]
[BlackElo "1308"]
[BlackTeam "Desert Penguins Jupiter"]
[Result "0-1"]
[PlyCount "66"]

1. e4 c5 2. Nc3 d6 3. Bc4 e6 4. Nf3 a6 5. O-O b5 6. Be2 Bb7 7. d3 b4 8. Na4 Qa5 9. b3 Bc6 10. c4 bxc3 11. b4 Qxb4 12. e5 Bxa4 13. Qe1 Nc6 14. exd6 Bxd6 15. h3 Nf6 16. Nh2 O-O 17. g4 Rfd8 18. Be3 Rab8 19. Rb1 Qa5 20. Rxb8 Rxb8 21. f4 Nd4 22. Bxd4 cxd4 23. g5 Nd5 24. h4 Nxf4 25. h5 Nxe2+ 26. Qxe2 Qxg5+ 27. Kh1 Bc6+ 28. Nf3 Qh4+ 29. Kg1 Qg3+ 30. Kh1 Bxf3+ 31. Rxf3 Rb1+ 32. Rf1 Rxf1+ 33. Qxf1 Qh2# 0-1

[Event "Junior Online 4NCL Division 5"]
[Site "online"]
[Date "2021.04.01"]
[EventDate "2021.04.01"]
[Round "6.93"]
[White "Dane, James"]
[WhiteElo "1232"]
[WhiteTeam "Desert Penguins Jupiter"]
[Black "Kantaria, Shivam"]
[BlackElo "1000"]
[BlackTeam "Edgware Gambits Forks"]
[Result "0-1"]
[PlyCount "42"]

1. d4 d5 2. c4 e6 3. Nc3 Nc6 4. e3 dxc4 5. Bxc4 Bb4 6. Bd2 Bxc3 7. Bxc3 Nf6 8. Nf3 O-O 9. O-O Ne4 10. Be1 Re8 11. Bd3 Ng5 12. Rc1 Nxf3+ 13. Qxf3 Nb4 14. Bc4 Qg5 15. a3 Na6 16. Bd3 Bd7 17. Qe4 Bc6 18. Qxh7+ Kf8 19. Qh8+ Ke7 20. f3 Rxh8 21. f4 Qxg2# 0-1

[Event "Junior Online 4NCL Division 5"]
[Site "online"]
[Date "2021.04.01"]
[EventDate "2021.04.01"]
[Round "6.94"]
[White "Zhu, Xiaocheng"]
[WhiteElo "900"]
[WhiteTeam "Edgware Gambits Forks"]
[Black "Cleanis, Theo"]
[BlackElo "1225"]
[BlackTeam "Desert Penguins Jupiter"]
[Result "0-1"]
[PlyCount "82"]

1. e4 e5 2. Nf3 Nc6 3. Nc3 Bb4 4. Bb5 Nf6 5. O-O O-O 6. Nd5 Nxd5 7. exd5 Nd4 8. Nxd4 exd4 9. d3 Re8 10. Be3 dxe3 11. c3 exf2+ 12. Rxf2 Bc5 13. Qf1 Bxf2+ 14. Qxf2 c6 15. dxc6 dxc6 16. Ba4 Qxd3 17. Rf1 Re7 18. Qh4 Qe3+ 19. Qf2 Qxf2+ 20. Rxf2 Be6 21. Bb3 Bxb3 22. axb3 Re1+ 23. Rf1 Rxf1+ 24. Kxf1 Rd8 25. b4 Rd2 26. Ke1 Rxg2 27. c4 Rxh2 28. b5 cxb5 29. cxb5 f5 30. Kd1 g5 31. Ke1 f4 32. b6 axb6 33. b4 g4 34. b5 f3 35. Kf1 g3 36. Kg1 f2+ 37. Kf1 Rh1+ 38. Kg2 Rg1+ 39. Kh3 f1=Q+ 40. Kh4 Qf4+ 41. Kh5 Rh1# 0-1

[Event "Junior Online 4NCL Division 5"]
[Site "online"]
[Date "2021.04.01"]
[EventDate "2021.04.01"]
[Round "6.95"]
[White "Shah, Rohan"]
[WhiteElo "1437"]
[WhiteTeam "Edgware Gambits Forks"]
[Black "Tengayev, Arman"]
[BlackElo "1405"]
[BlackTeam "Desert Penguins Jupiter"]
[Result "0-1"]
[PlyCount "116"]

1. d4 Nf6 2. c4 e6 3. Nf3 d5 4. Nc3 Nbd7 5. Bf4 Be7 6. e3 O-O 7. Bd3 a6 8. O-O dxc4 9. Bxc4 b5 10. Bd3 Bb7 11. Qc2 Re8 12. Be2 Nf8 13. Rad1 Ng6 14. Rfe1 Nxf4 15. exf4 Nd5 16. Nxd5 Bxd5 17. Ne5 Bf6 18. Bd3 h6 19. Bh7+ Kf8 20. Ng6+ fxg6 21. Qxg6 Qd7 22. Qc2 Qc6 23. Qd2 Rad8 24. b3 Kf7 25. Bg6+ Kxg6 26. Qd3+ Kf7 27. Rc1 Qd6 28. Red1 Qxf4 29. g3 Qf3 30. Qxf3 Bxf3 31. Re1 Rc8 32. Re3 Bd5 33. f4 Bxd4 34. Re1 Bxe3+ 35. Rxe3 Rcd8 36. Kf2 c5 37. g4 c4 38. bxc4 Bxc4 39. Rf3 Rd2+ 40. Ke3 Rd3+ 41. Ke4 Rxf3 42. Kxf3 Bxa2 43. f5 exf5 44. gxf5 Kf6 45. Kf4 b4 46. h4 h5 47. Kg3 b3 48. Kf4 b2 49. Kg3 b1=Q 50. Kf4 Qxf5+ 51. Kg3 Qg4+ 52. Kf2 Re5 53. Kf1 Rf5+ 54. Ke1 Qe4+ 55. Kd1 Rd5+ 56. Kc1 Qc4+ 57. Kb2 Rb5+ 58. Ka1 Rb1# 0-1